| 000 | 00836nam a2200253Ia 4500 | ||
|---|---|---|---|
| 003 | OSt | ||
| 005 | 20220923222259.0 | ||
| 006 | a|||||r|||| 00| 0 | ||
| 007 | ta | ||
| 008 | 220922b |||||||| |||| 00| 0 mar d | ||
| 024 | _a204,219 | ||
| 037 | _cTextual | ||
| 040 |
_aARTS _cARTS _bmar |
||
| 041 |
_2mar _amar |
||
| 082 | _aO155,3N10x, 152K8 | ||
| 100 |
_aरेगे, पुरुषोत्तम शिवराम _9158651 |
||
| 245 | 0 |
_aतीन सहेलियां _b मनू |
|
| 246 | _aTīn saheliyāan: hinū: sāvitrī: avalokitā | ||
| 260 | _c1968 | ||
| 490 | _aKkuihB yksdksn; xzaFkekyk( 262 | ||
| 650 | _aमराठी साहित्य | ||
| 942 |
_hO155,3N10x, 152K8 _cTEXL _2CC |
||
| 999 |
_c354968 _d354968 |
||